[Event "GRE-ch U16"]
[Site "Patras"]
[Date "2019.06.27"]
[Round "4.7"]
[White "Zgouletas, Ioannis"]
[Black "Patrelakis, Evaggelos"]
[Result "0-1"]
[WhiteElo "1643"]
[BlackElo "2220"]
[PlyCount "78"]
[EventDate "2019.06.25"]
[EventType "swiss"]
[EventRounds "9"]
[EventCountry "GRE"]
[SourceTitle "EXT 2020"]
[Source "ChessBase"]
[SourceDate "2019.10.17"]
[SourceVersion "1"]
[SourceVersionDate "2019.10.17"]
[SourceQuality "1"]
[WhiteTeam "Greece"]
[BlackTeam "Greece"]
[WhiteTeamCountry "GRE"]
[BlackTeamCountry "GRE"]

1. e4 c5 2. Nf3 d6 3. d4 cxd4 4. Nxd4 Nf6 5. Nc3 a6 6. Be3 e6 7. a4 b6 8. Nb3 Bb7 9. f3 Be7 10. a5 b5 11. Bb6 Qc8 12. Qd4 0-0 13. f4 Nc6 14. Qe3 Nd7 15. Bd3 Nb4 16. 0-0 Nxb6 17. axb6 Rb8 18. f5 Bf6 19. e5 dxe5 20. Nc5 Nxd3 21. Nxb7 Qxb7 22. Qxd3 Qxb6+ 23. Kh1 e4 24. Nxe4 exf5 25. Rxf5 Bxb2 26. Raf1 Qg6 27. Qb3 Qe6 28. Qf3 h6 29. Nc5 Qe7 30. Nd3 Bf6 31. Qg3 Bh4 32. Qf4 Bg5 33. Qf3 Rb6 34. Ne5 Rf6 35. Ng4 Rxf5 36. Qxf5 Qe6 37. Qf2 Qxg4 38. Qb6 Qe2 39. Rg1 Be3 0-1

[Event "GRE-ch U16"]
[Site "Patras"]
[Date "2019.06.26"]
[Round "3.11"]
[White "Kormas, Georgios"]
[Black "Zgouletas, Ioannis"]
[Result "1/2-1/2"]
[WhiteElo "1821"]
[BlackElo "1643"]
[PlyCount "161"]
[EventDate "2019.06.25"]
[EventType "swiss"]
[EventRounds "9"]
[EventCountry "GRE"]
[SourceTitle "EXT 2020"]
[Source "ChessBase"]
[SourceDate "2019.10.17"]
[SourceVersion "1"]
[SourceVersionDate "2019.10.17"]
[SourceQuality "1"]
[WhiteTeam "Greece"]
[BlackTeam "Greece"]
[WhiteTeamCountry "GRE"]
[BlackTeamCountry "GRE"]

1. e4 e5 2. Nf3 Nc6 3. Bb5 a6 4. Ba4 Nf6 5. 0-0 b5 6. Bb3 Be7 7. Re1 d6 8. c3 Nb8 9. h3 Bb7 10. Bc2 0-0 11. d4 Nbd7 12. Nbd2 Re8 13. Nf1 Bf8 14. Ng3 g6 15. b3 c5 16. d5 Nb6 17. a4 c4 18. Be3 cxb3 19. Bxb3 Nxa4 20. Bxa4 bxa4 21. Rxa4 Qc7 22. Qa1 Nd7 23. Rb1 Reb8 24. Nd2 Bc8 25. Rc4 Nc5 26. Rxb8 Rxb8 27. Bxc5 dxc5 28. Ra4 Rb5 29. Qd1 Qb8 30. Qf3 Bh6 31. Ra2 Bf4 32. Ngf1 Rb2 33. Rxb2 Qxb2 34. Qd3 a5 35. Nc4 Qb5 36. Nxe5 Qb6 37. Ng4 h5 38. Nge3 Ba6 39. c4 a4 40. Qa3 Qb4 41. Qa2 Qb3 42. Qc2 Be5 43. Nd2 Qa3 44. Nd1 Qb4 45. g3 a3 46. Qa2 Bc8 47. f4 Bd4+ 48. Kg2 Bd7 49. e5 Kf8 50. Nb1 Ba4 51. Nf2 Qb2 52. Qxb2 axb2 53. Ne4 Bc2 54. Ned2 Be3 55. Kf3 Bxd2 56. Nxd2 b1Q 57. Nxb1 Bxb1 58. Ke3 Bf5 59. h4 Ke7 60. Kd2 Kd7 61. Kc3 Kc7 62. Kb2 Kb6 63. Kb3 Ka5 64. Ka3 Bg4 65. d6 Kb6 66. Ka4 Be6 67. Kb3 Ka5 68. Ka3 Bd7 69. Kb3 Bc6 70. Ka3 Ba4 71. g4 hxg4 72. h5 gxh5 73. f5 Bd7 74. e6 fxe6 75. f6 g3 76. f7 g2 77. f8Q g1Q 78. Qa8+ Kb6 79. Qd8+ Ka6 80. Qa8+ Kb6 81. Qb8+ 1/2-1/2

[Event "GRE-ch U20"]
[Site "Trikala"]
[Date "2019.05.01"]
[Round "2"]
[White "Alexakis, Dimitris"]
[Black "Zgouletas, Ioannis"]
[Result "1-0"]
[WhiteElo "2157"]
[BlackElo "1608"]
[PlyCount "55"]
[EventDate "2019.04.30"]
[EventType "swiss"]
[EventRounds "9"]
[EventCountry "GRE"]
[SourceTitle "CBM 190 Extra"]
[Source "ChessBase"]
[SourceDate "2019.07.15"]
[SourceVersion "1"]
[SourceVersionDate "2019.07.15"]
[SourceQuality "1"]

1. e4 e5 2. Nc3 Nf6 3. d4 exd4 4. Qxd4 Nc6 5. Qd3 d6 6. f3 Be7 7. Be3 Ne5 8. Qd2 Be6 9. 0-0-0 Nc4 10. Bxc4 Bxc4 11. g4 Nd7 12. f4 Nb6 13. b3 Ba6 14. g5 Qd7 15. a4 0-0-0 16. a5 Na8 17. Qd4 Qg4 18. h4 b6 19. Nh3 f6 20. f5 Qh5 21. g6 hxg6 22. Nf4 Qh7 23. Qa4 Kb7 24. axb6 Nxb6 25. Bxb6 axb6 26. Nfd5 Rhe8 27. Nb4 Ra8 28. Qc6+ 1-0

[Event "GRE-ch U16"]
[Site "Rio Achaia"]
[Date "2018.07.06"]
[Round "6"]
[White "Balis, Georgios Efraim"]
[Black "Zgouletas, Ioannis"]
[Result "1-0"]
[WhiteElo "1248"]
[BlackElo "1554"]
[PlyCount "73"]
[EventDate "2018.07.03"]
[EventType "swiss"]
[EventRounds "9"]
[EventCountry "GRE"]
[SourceTitle "EXT 2019"]
[Source "ChessBase"]
[SourceDate "2018.10.10"]
[SourceVersion "1"]
[SourceVersionDate "2018.10.10"]
[SourceQuality "1"]

1. e4 e5 2. f4 exf4 3. Bc4 Be7 4. d4 d6 5. Bxf4 Nf6 6. Nc3 Be6 7. Qd3 Nc6 8. d5 Nb4 9. Qd2 Bd7 10. 0-0-0 a5 11. e5 dxe5 12. Bxe5 0-0 13. Nf3 Bd6 14. Bxf6 Qxf6 15. Ne4 Qg6 16. Rde1 b5 17. Bd3 Nxd5 18. Kb1 Nb4 19. Rhg1 Qe6 20. Nc3 Qf6 21. Rgf1 Nxd3 22. cxd3 Qg6 23. h3 f5 24. d4 Bg3 25. Re7 Qd6 26. Qg5 Rf7 27. Rxf7 Kxf7 28. Ne2 f4 29. Ne5+ Kg8 30. Nxg3 fxg3 31. Rf7 Bf5+ 32. Qxf5 Qb4 33. Rxc7 Rf8 34. Qe6+ Kh8 35. Nf7+ Rxf7 36. Rxf7 h6 37. Qe5 1-0

[Event "GRE-ch U16"]
[Site "Rio Achaia"]
[Date "2018.07.04"]
[Round "3"]
[White "Zgouletas, Ioannis"]
[Black "Oumoutidis, Christos"]
[Result "1-0"]
[WhiteElo "1554"]
[BlackElo "1516"]
[PlyCount "93"]
[EventDate "2018.07.03"]
[EventType "swiss"]
[EventRounds "9"]
[EventCountry "GRE"]
[SourceTitle "EXT 2019"]
[Source "ChessBase"]
[SourceDate "2018.10.10"]
[SourceVersion "1"]
[SourceVersionDate "2018.10.10"]
[SourceQuality "1"]

1. e4 e5 2. Nf3 Nc6 3. Bb5 a6 4. Ba4 Nf6 5. 0-0 b5 6. Bb3 Be7 7. d3 d6 8. h3 0-0 9. c3 Na5 10. Bc2 c5 11. Re1 Re8 12. Nbd2 Bf8 13. Nf1 h6 14. Ne3 g6 15. a4 Bb7 16. b4 cxb4 17. cxb4 Nc6 18. Bd2 d5 19. Qb1 dxe4 20. dxe4 Nd4 21. Nxd4 Qxd4 22. Nf1 Rec8 23. axb5 axb5 24. Rxa8 Bxa8 25. Bd3 Rd8 26. Bxb5 Nxe4 27. Re2 Rb8 28. Bd3 Nxd2 29. Rxd2 Qxb4 30. Qa2 Qb3 31. Qa1 Bb4 32. Rd1 Bc3 33. Qc1 Bd4 34. Qxh6 Qxd1 35. Bxg6 Bxf2+ 36. Kh2 Qb3 37. Bh7+ Kh8 38. Bc2+ Kg8 39. Qg5+ Kf8 40. Bxb3 Rxb3 41. Qd8+ Kg7 42. Qxa8 Rb1 43. Qa6 Re1 44. Nd2 Bg1+ 45. Kg3 f6 46. Nf3 Re3 47. Qf1 1-0

[Event "GRE-ch U16"]
[Site "Rio Achaia"]
[Date "2018.07.03"]
[Round "1"]
[White "Zgouletas, Ioannis"]
[Black "Papadopoulos, Ioannis1111"]
[Result "0-1"]
[WhiteElo "1554"]
[BlackElo "1929"]
[PlyCount "78"]
[EventDate "2018.07.03"]
[EventType "swiss"]
[EventRounds "9"]
[EventCountry "GRE"]
[SourceTitle "EXT 2019"]
[Source "ChessBase"]
[SourceDate "2018.10.10"]
[SourceVersion "1"]
[SourceVersionDate "2018.10.10"]
[SourceQuality "1"]

1. e4 e5 2. Nf3 Nc6 3. Bc4 Bc5 4. c3 Nf6 5. d3 d6 6. 0-0 0-0 7. Bg5 h6 8. Bh4 g5 9. Bg3 Bg4 10. Nbd2 Nh5 11. Qc2 Bb6 12. b4 a5 13. a3 Qf6 14. Kh1 Nf4 15. h3 Bxf3 16. Nxf3 Nxh3 17. Nxe5 dxe5 18. gxh3 Qf3+ 19. Kh2 axb4 20. axb4 Ne7 21. Rxa8 Rxa8 22. Bxe5 Ng6 23. Bg3 h5 24. d4 h4 25. e5 Kg7 26. Qd2 Ra3 27. Bd3 Bxd4 28. Be2 hxg3+ 29. fxg3 Qxc3 30. Qxg5 Bxe5 31. Rf3 Qb2 32. Rxa3 Qxa3 33. Bh5 Bf6 34. Qg4 Qb2+ 35. Kh1 Qc1+ 36. Kg2 Qd2+ 37. Kh1 Bd4 38. Bxg6 Qe1+ 39. Kg2 Qf2+ 0-1

[Event "GRE-ch U14"]
[Site "Achaia"]
[Date "2017.06.30"]
[Round "7"]
[White "Zgouletas, Ioannis"]
[Black "Brokalakis Gounaris, Christos"]
[Result "0-1"]
[WhiteElo "1514"]
[BlackElo "1818"]
[PlyCount "72"]
[EventDate "2017.06.26"]
[EventType "swiss"]
[EventRounds "9"]
[EventCountry "GRE"]
[SourceTitle "EXT 2018"]
[Source "ChessBase"]
[SourceDate "2017.10.13"]
[SourceVersion "1"]
[SourceVersionDate "2017.10.13"]
[SourceQuality "1"]

1. e4 e5 2. Nf3 Nc6 3. Bc4 Bc5 4. c3 Nf6 5. d3 0-0 6. Nbd2 d6 7. a4 a6 8. Nf1 Ne7 9. Ng3 Ng6 10. 0-0 Ba7 11. h3 h6 12. Be3 Re8 13. Qb3 Rf8 14. Rfd1 Bxe3 15. fxe3 Rb8 16. Bxa6 Bxh3 17. gxh3 bxa6 18. Qa2 Nh7 19. Kf2 Ng5 20. Nxg5 Qxg5 21. Rg1 Qh4 22. Ke2 Qxh3 23. Kf2 Nh4 24. Rab1 Qg4 25. Nf5 Qf3+ 26. Ke1 Ng2+ 27. Rxg2 Qxg2 28. Kd1 g6 29. Ne7+ Kg7 30. Nc6 Rb6 31. Nb4 Qf3+ 32. Kd2 Qf2+ 33. Kd1 Qxe3 34. a5 Rb5 35. Kc2 Qe2+ 36. Kb3 c5 0-1

[Event "GRE-ch U14"]
[Site "Porto Rio"]
[Date "2016.07.01"]
[Round "5"]
[White "Zgouletas, Ioannis"]
[Black "Triantos, Konstantinos"]
[Result "0-1"]
[WhiteElo "1499"]
[BlackElo "1854"]
[PlyCount "166"]
[EventDate "2016.06.28"]
[EventType "swiss"]
[EventRounds "9"]
[EventCountry "GRE"]
[SourceTitle "CBM 173 Extra"]
[Source "ChessBase"]
[SourceDate "2016.08.29"]
[SourceVersion "1"]
[SourceVersionDate "2016.08.29"]
[SourceQuality "1"]

1. e4 c5 2. Nf3 d6 3. c3 Nf6 4. Qc2 e6 5. d4 cxd4 6. cxd4 d5 7. Bg5 dxe4 8. Bxf6 gxf6 9. Qxe4 Qb6 10. Qc2 Nc6 11. Qd2 Bd7 12. Nc3 Ne7 13. g3 Bc6 14. Bg2 Rd8 15. 0-0 f5 16. Rad1 Bg7 17. Ne2 Be4 18. Qe3 Nd5 19. Qa3 Nb4 20. Ne5 Bxe5 21. dxe5 Bd3 22. Bf3 Ke7 23. Rfe1 a5 24. Nf4 Be4 25. Rxd8 Rxd8 26. Bxe4 fxe4 27. Rxe4 Rd1+ 28. Kg2 Qc6 29. Qf3 Nxa2 30. Nd3 Nb4 31. Nxb4 axb4 32. Qf6+ Ke8 33. f3 Qc2+ 34. Kh3 Rd2 35. Kg4 h5+ 36. Kg5 Rxh2 37. Rxb4 Qc6 38. Rf4 Rg2 39. Qxf7+ Kd8 40. Qf8+ Kc7 41. Qe7+ Kb6 42. Qd8+ Kb5 43. Qd3+ Kb6 44. Qb3+ Ka7 45. Qa3+ Kb6 46. Qb4+ Qb5 47. Qd6+ Qc6 48. Qd4+ Ka6 49. g4 hxg4 50. fxg4 Rc2 51. Rf1 Rc5 52. Ra1+ Kb5 53. b4 Rc4 54. Qd3 Kb6 55. b5 Qc7 56. Qe3+ Rc5 57. Kf6 Qd8+ 58. Kxe6 Qc8+ 59. Kf7 Qxg4 60. Rg1 Qf5+ 61. Kg8 Qe6+ 62. Kh7 Qf7+ 63. Kh6 Qf8+ 64. Kg5 Qg7+ 65. Kf5 Qf7+ 66. Kg4 Qg7+ 67. Kf4 Qh6+ 68. Rg5 Kxb5 69. Qb3+ Ka5 70. Qa3+ Kb5 71. Qd3+ Kb4 72. Qd6 Qh2+ 73. Kf5 Kb5 74. Qd3+ Ka5 75. Kf6 Qh8+ 76. Rg7 Rc6+ 77. e6 Qf8+ 78. Rf7 Qh6+ 79. Ke7 Qxe6+ 80. Kf8 Rc8+ 81. Kg7 Qe5+ 82. Kg6 Rg8+ 83. Kh6 Qh2+ 0-1

[Event "GRE-ch U12"]
[Site "Rio Achaia"]
[Date "2015.07.02"]
[Round "9.6"]
[White "Zgouletas, Ioannis"]
[Black "Tzemanakis, Nikolaos"]
[Result "0-1"]
[WhiteElo "1519"]
[BlackElo "1442"]
[PlyCount "138"]
[EventDate "2015.06.26"]
[EventType "swiss"]
[EventRounds "9"]
[EventCountry "GRE"]
[SourceTitle "EXT 2024"]
[Source "ChessBase"]
[SourceDate "2023.10.10"]
[SourceVersion "1"]
[SourceVersionDate "2023.10.10"]
[SourceQuality "1"]

1. e4 c5 2. Nf3 d6 3. c3 Nf6 4. Bc4 a6 5. 0-0 e6 6. Re1 Nbd7 7. d4 e5 8. Be3 cxd4 9. cxd4 Be7 10. Nc3 0-0 11. Qc2 b5 12. Bb3 Bb7 13. Rad1 Qc7 14. a3 Rac8 15. Bg5 h6 16. Bxf6 Bxf6 17. dxe5 Nxe5 18. Nxe5 Bxe5 19. Re3 Qc5 20. Bd5 Bxd5 21. Rxd5 Qc6 22. g3 Qb6 23. Red3 Rc4 24. Qe2 Rfc8 25. Qf3 Qc7 26. Ne2 Rc5 27. Rxc5 Qxc5 28. Nc3 Kf8 29. b4 Qc7 30. Nd5 Qd8 31. Qf5 Rc1+ 32. Kg2 g6 33. Qh3 h5 34. Rf3 Kg7 35. Nb6 Qxb6 36. Qd7 Bf6 37. g4 Qc7 38. Qe8 Qd8 39. Qxd8 Bxd8 40. Rd3 Rc6 41. gxh5 gxh5 42. e5 Be7 43. Re3 dxe5 44. Rxe5 Bf6 45. Rxh5 Rc3 46. a4 bxa4 47. Ra5 Rc6 48. Rxa4 Rb6 49. h4 Be7 50. Kg3 Bxb4 51. Kg4 a5 52. f4 Rc6 53. Kg5 Rc3 54. Ra1 Ra3 55. Rg1 a4 56. h5 Be7+ 57. Kf5+ Kh7 58. Re1 Bb4 59. Rg1 Bc3 60. Rg3 Rb3 61. Ke4 a3 62. Kd5 a2 63. h6 a1Q 64. f5 Qa4 65. Rg7+ Bxg7 66. hxg7 Rb5+ 67. Kd6 Qa6+ 68. Ke7 Rb7+ 69. Kf8 Qa8# 0-1

[Event "GRE-ch U12"]
[Site "Rio Achaia"]
[Date "2015.06.30"]
[Round "7.5"]
[White "Spyropoulos, Nikolaos"]
[Black "Zgouletas, Ioannis"]
[Result "1-0"]
[WhiteElo "1855"]
[BlackElo "1519"]
[PlyCount "113"]
[EventDate "2015.06.26"]
[EventType "swiss"]
[EventRounds "9"]
[EventCountry "GRE"]
[SourceTitle "EXT 2024"]
[Source "ChessBase"]
[SourceDate "2023.10.10"]
[SourceVersion "1"]
[SourceVersionDate "2023.10.10"]
[SourceQuality "1"]

1. e4 e5 2. Nf3 Nc6 3. d4 exd4 4. Nxd4 Nf6 5. Nxc6 bxc6 6. e5 Qe7 7. Qe2 Nd5 8. c4 Ba6 9. g3 g6 10. b3 Bg7 11. Bb2 0-0 12. Bg2 Rae8 13. 0-0 Bxe5 14. Qxe5 Qxe5 15. Bxe5 Rxe5 16. cxd5 Bxf1 17. Kxf1 cxd5 18. Nc3 c6 19. Ne2 Rfe8 20. Bf3 Kg7 21. Rd1 d6 22. Nd4 Rc8 23. Rc1 c5 24. Nb5 Rc6 25. Nc3 Ra6 26. Bxd5 h5 27. Rd1 h4 28. Bc4 Ra5 29. Rxd6 hxg3 30. hxg3 Rf5 31. Kg2 f6 32. a4 Re5 33. Nd5 f5 34. Nf4 Re4 35. Rxg6+ Kh7 36. Rf6 Rxc4 37. bxc4 Rxa4 38. Rxf5 Rxc4 39. Rf7+ Kh6 40. Rxa7 Rc2 41. Rc7 c4 42. Nd5 Kg5 43. Ne3 Ra2 44. Rxc4 Kh5 45. Rc2 Ra3 46. Kf3 Kh6 47. Kg4 Ra4+ 48. f4 Ra3 49. Rc6+ Kh7 50. Nf5 Ra5 51. Kg5 Ra7 52. g4 Rb7 53. Kf6 Kh8 54. Kg6 Rb8 55. g5 Rg8+ 56. Kf7 Rg6 57. Rxg6 1-0

[Event "GRE-ch U12"]
[Site "Rio Achaia"]
[Date "2015.06.29"]
[Round "5.3"]
[White "Zgouletas, Ioannis"]
[Black "Kasioumis, Vasilios"]
[Result "1-0"]
[WhiteElo "1519"]
[BlackElo "1791"]
[PlyCount "57"]
[EventDate "2015.06.26"]
[EventType "swiss"]
[EventRounds "9"]
[EventCountry "GRE"]
[SourceTitle "EXT 2024"]
[Source "ChessBase"]
[SourceDate "2023.10.10"]
[SourceVersion "1"]
[SourceVersionDate "2023.10.10"]
[SourceQuality "1"]

1. e4 c5 2. Nf3 g6 3. Bc4 Nc6 4. c3 e6 5. d4 d5 6. exd5 exd5 7. Bb5 c4 8. Ne5 Qb6 9. Qf3 Be6 10. Bxc6+ bxc6 11. 0-0 Bg7 12. Re1 Ne7 13. Na3 0-0 14. Nc2 Bf5 15. Ne3 Be6 16. N3g4 Nf5 17. Qh3 h5 18. Nxg6 fxg6 19. Rxe6 hxg4 20. Qxg4 Rae8 21. Qxg6 Rxe6 22. Qxe6+ Kh7 23. g4 Nh4 24. g5 Nf3+ 25. Kg2 Nh4+ 26. Kg1 Nf3+ 27. Kh1 c5 28. g6+ Kh8 29. Qh3+ 1-0